La motivación profesional en los estudiantes de formación especializada del programa nacional de formación de educadores y educadoras de Misión Sucre
Se muestran los resultados de la investigación realizada en el Municipio San Francisco, Estado Zulia, denominada "La motivación profesional en los estudiantes de Formación Especializada del Programa Nacional de Formación Educadores y ...
Guardat en:
| Autor principal: | |
|---|---|
| Autor corporatiu: | |
| Altres autors: | |
| Format: | eBook |
| Idioma: | espanyol |
| Publicat: |
La Habana :
Editorial Universitaria,
2012.
|
| Matèries: | |
| Accés en línia: | https://elibro.unach.elogim.com/es/lc/unach/titulos/90386 |
| Etiquetes: |
Afegir etiqueta
Sense etiquetes, Sigues el primer a etiquetar aquest registre!
|
MARC
| LEADER | 00000nam a2200000 a 4500 | ||
|---|---|---|---|
| 001 | ELB90386 | ||
| 003 | FlNmELB | ||
| 006 | m o d | | ||
| 007 | cr cn||||||||| | ||
| 008 | 201201r2012 cu |||||s|||||||||||spa d | ||
| 024 | 8 | |z Tesis | |
| 035 | |a (MiAaPQ)EBC3201002 | ||
| 035 | |a (Au-PeEL)EBL3201002 | ||
| 035 | |a (CaPaEBR)ebr10584291 | ||
| 035 | |a (OCoLC)929370014 | ||
| 040 | |a FlNmELB |b spa |c FlNmELB | ||
| 050 | 4 | |a LA173 |b V868 2012 | |
| 080 | |a 378 | ||
| 082 | 0 | 4 | |a 378 |2 22 |
| 100 | 1 | |a Válek de Bracho, Mónica. | |
| 245 | 1 | 3 | |a La motivación profesional en los estudiantes de formación especializada del programa nacional de formación de educadores y educadoras de Misión Sucre |h [recurso electronico] |c Mónica Valek de Bracho. |
| 260 | |a La Habana : |b Editorial Universitaria, |c 2012. | ||
| 300 | |a 188 p. | ||
| 500 | |a Tesis (doctorado) - Instituto Pedagógico Latinoamericano y Caribeño (IPLAC). | ||
| 520 | |a Se muestran los resultados de la investigación realizada en el Municipio San Francisco, Estado Zulia, denominada "La motivación profesional en los estudiantes de Formación Especializada del Programa Nacional de Formación Educadores y ... | ||
| 533 | |a Recurso electrónico. Santa Fe, Arg.: e-libro, 2015. Disponible vía World Wide Web. El acceso puede estar limitado para las bibliotecas afiliadas a e-libro. | ||
| 650 | 4 | |a Educación. |x Currículos. | |
| 650 | 4 | |a Education. |x Curricula. | |
| 655 | 4 | |a Libros electrónicos. | |
| 700 | 1 | |a Márquez Rodríguez, Aleida. |4 drt | |
| 710 | 2 | |a e-libro, Corp. | |
| 856 | 4 | 0 | |u https://elibro.unach.elogim.com/es/lc/unach/titulos/90386 |